THE TRANSFER OF PROPERTY ACT 1882 (Record no. 51633)
[ view plain ]
| 000 -LEADER | |
|---|---|
| fixed length control field | nam a22 7a 4500 |
| 003 - CONTROL NUMBER IDENTIFIER | |
| control field | OSt |
| 005 - DATE AND TIME OF LATEST TRANSACTION | |
| control field | 20220412150115.0 |
| 008 - FIXED-LENGTH DATA ELEMENTS--GENERAL INFORMATION | |
| fixed length control field | 220412b xxu||||| |||| 00| 0 eng d |
| 040 ## - CATALOGING SOURCE | |
| Transcribing agency | SEROSOFT |
| 100 ## - MAIN ENTRY--PERSONAL NAME | |
| Personal name | BARE ACT |
| 245 ## - TITLE STATEMENT | |
| Title | THE TRANSFER OF PROPERTY ACT 1882 |
| Statement of responsibility, etc. | COMMERCIAL LAW PUB |
| 260 ## - PUBLICATION, DISTRIBUTION, ETC. | |
| Place of publication, distribution, etc. | ALP |
| Name of publisher, distributor, etc. | ALP |
| 300 ## - PHYSICAL DESCRIPTION | |
| Extent | 64 |
| 942 ## - ADDED ENTRY ELEMENTS (KOHA) | |
| Source of classification or shelving scheme | |
| Koha item type | Text-Book- for 7 days |
| Withdrawn status | Lost status | Source of classification or shelving scheme | Damaged status | Not for loan | Home library | Current library | Date acquired | Source of acquisition | Cost, normal purchase price | Inventory number | Total Checkouts | Barcode | Date last seen | Date last checked out | Price effective from | Koha item type |
|---|---|---|---|---|---|---|---|---|---|---|---|---|---|---|---|---|
| IIMT University College of Law | IIMT University College of Law | 04/12/2022 | WESTERN LAW HOUSE | 150.00 | 10,04/04/22 | 5 | 04-B-9723 | 11/26/2025 | 11/24/2025 | 04/12/2022 | Text-Book- for 7 days | |||||
| IIMT University College of Law | IIMT University College of Law | 04/12/2022 | WESTERN LAW HOUSE | 150.00 | 10,04/04/22 | 1 | 04-B-9724 | 01/06/2026 | 09/13/2025 | 04/12/2022 | Text-Book- for 7 days | |||||
| IIMT University College of Law | IIMT University College of Law | 04/12/2022 | WESTERN LAW HOUSE | 150.00 | 10,04/04/22 | 6 | 04-B-9725 | 11/01/2025 | 10/13/2025 | 04/12/2022 | Text-Book- for 7 days | |||||
| IIMT University College of Law | IIMT University College of Law | 04/12/2022 | WESTERN LAW HOUSE | 150.00 | 10,04/04/22 | 1 | 04-B-9726 | 12/15/2025 | 09/13/2025 | 04/12/2022 | Text-Book- for 7 days | |||||
| IIMT University College of Law | IIMT University College of Law | 04/12/2022 | WESTERN LAW HOUSE | 150.00 | 10,04/04/22 | 10 | 04-B-9727 | 12/02/2025 | 11/24/2025 | 04/12/2022 | Text-Book- for 7 days |

